000 00541nam a2200169Ia 4500
003 GCL
008 140319s9999 xx 000 0 ara d
040 _aGCL /
_cGCL
082 0 4 _a812.008
_bع م
100 1 _aعبدالغفار مكاوى
245 1 0 _aمن قتل الطفل (هدية من الاديب عبدالفتاح الجمل) /
_cعبدالغفار مكاوى
300 _a105 ص
490 _aمختارات فصول
_v0
650 0 4 _aالادب العربى
650 0 4 _aالمسرحيات العربية
942 _2ddc
_cBK
999 _c47357
_d47357